| 000 | 01310cad a22002295a 4500 | ||
|---|---|---|---|
| 001 | L141689 | ||
| 008 | 071213s2007 xxkad f s 000 0 eng d | ||
| 035 | _a(Sirsi) u141689 | ||
| 041 | 0 | _aeng | |
| 050 | 0 | 4 | _a333.337 $2 18 |
| 110 | 2 |
_aSavills _92020 |
|
| 245 | 0 | 0 |
_aSavills UK commercial development activity PMI _bNovember 2007 _h[electronic resource] |
| 260 |
_aLondon _bSavills _c2007 |
||
| 490 | 0 |
_aSavills UK Commercial Development Development Activity PMI _vNovember 2007 |
|
| 520 | _aReports that total activity continued to rise in October, but that developers are not optimistic about prospects for the next three months. Nearly one in four commercial developers in the October survey reported a rise in total activity, compared to less than 16% who recorded a fall. The Total Commercial Development Activity Index was 8.4% in October, below the 2007 average (14.7%) and the 2006 overall (19.7%). London saw the weakest rise in commercial activity since June 2005. | ||
| 590 | _aKA | ||
| 650 | 2 | 4 | _aSAVILLS UK COMMERCIAL DEVELOPMENT ACTIVITY PMI |
| 651 | 4 |
_aUnited Kingdom _y |
|
| 690 | _aPROPERTY-COMMERCIAL PROPERTY-COMMERCIAL PROPERTY MARKET | ||
| 856 | 4 | 8 |
_uhttps://www.savills.com/ _zView this report free of charge following registration under research at www.savills.com... |
| 942 | _n0 | ||
| 999 |
_c107738 _d107738 |
||